<?xml version="1.0" encoding="UTF-8"?>
<collection xmlns="http://www.loc.gov/MARC21/slim">
 <record>
  <leader>05148am aa2000649a 44500</leader>
  <controlfield tag="001">1/52316</controlfield>
  <controlfield tag="008"> 100721s2007    enka    ob    001 0 eng </controlfield>
  <datafield tag="010" ind1=" " ind2=" ">
   <subfield code="a"> 2006921440</subfield>
  </datafield>
  <datafield tag="015" ind1=" " ind2=" ">
   <subfield code="a">GBA637330</subfield>
  </datafield>
  <datafield tag="016" ind1=" " ind2=" ">
   <subfield code="a">013438217</subfield>
   <subfield code="2">Uk</subfield>
  </datafield>
  <datafield tag="020" ind1=" " ind2=" ">
   <subfield code="a">1846287588</subfield>
  </datafield>
  <datafield tag="020" ind1=" " ind2=" ">
   <subfield code="a">9781846287589</subfield>
  </datafield>
  <datafield tag="020" ind1=" " ind2=" ">
   <subfield code="z">1846283515</subfield>
   <subfield code="q">(hbk.)</subfield>
  </datafield>
  <datafield tag="020" ind1=" " ind2=" ">
   <subfield code="z">9781846283512</subfield>
   <subfield code="q">(hbk.)</subfield>
  </datafield>
  <datafield tag="024" ind1=" " ind2=" ">
   <subfield code="a">10.1007/978-1-84628-758-9.</subfield>
   <subfield code="2">doi</subfield>
  </datafield>
  <datafield tag="028" ind1=" " ind2=" ">
   <subfield code="a">11670209</subfield>
  </datafield>
  <datafield tag="035" ind1=" " ind2=" ">
   <subfield code="a">(OCoLC)649418365</subfield>
   <subfield code="z">(OCoLC)642904366</subfield>
   <subfield code="z">(OCoLC)649910847 </subfield>
   <subfield code="z">(OCoLC)654455225</subfield>
   <subfield code="z">(OCoLC)746946123</subfield>
   <subfield code="z">(OCoLC)767242911</subfield>
   <subfield code="z">(OCoLC)994814621 </subfield>
   <subfield code="z">(OCoLC)1005749272</subfield>
   <subfield code="z">(OCoLC)1035659114</subfield>
   <subfield code="z">(OCoLC)1040629323</subfield>
   <subfield code="z">(OCoLC)1044256847 </subfield>
   <subfield code="z">(OCoLC)1056410013</subfield>
   <subfield code="z">(OCoLC)1058446641</subfield>
   <subfield code="z">(OCoLC)1060869343</subfield>
   <subfield code="z">(OCoLC)1067066171 </subfield>
   <subfield code="z">(OCoLC)1074321857</subfield>
   <subfield code="z">(OCoLC)1078836268</subfield>
   <subfield code="z">(OCoLC)1086869213</subfield>
   <subfield code="z">(OCoLC)1110844330 </subfield>
   <subfield code="z">(OCoLC)1112571785</subfield>
  </datafield>
  <datafield tag="037" ind1=" " ind2=" ">
   <subfield code="a">978-1-84628-351-2</subfield>
   <subfield code="b">Springer</subfield>
   <subfield code="n">http://www.springerlink.com</subfield>
  </datafield>
  <datafield tag="040" ind1=" " ind2=" ">
   <subfield code="a">GW5XE</subfield>
   <subfield code="b">eng</subfield>
   <subfield code="e">pn</subfield>
   <subfield code="c">GW5XE</subfield>
   <subfield code="d">VLB</subfield>
   <subfield code="d">NOC</subfield>
   <subfield code="d">EBLCP</subfield>
   <subfield code="d">YDXCP</subfield>
   <subfield code="d">OCLCQ</subfield>
   <subfield code="d">E7B</subfield>
   <subfield code="d">UAB</subfield>
   <subfield code="d">ISOBC </subfield>
   <subfield code="d">OCLCO</subfield>
   <subfield code="d">OCLCQ</subfield>
   <subfield code="d">OCLCF</subfield>
   <subfield code="d">BEDGE</subfield>
   <subfield code="d">OCLCQ</subfield>
   <subfield code="d">NUI</subfield>
   <subfield code="d">OCLCQ</subfield>
   <subfield code="d">Z5A</subfield>
   <subfield code="d">OTZ</subfield>
   <subfield code="d">ESU</subfield>
   <subfield code="d">OCLCQ</subfield>
   <subfield code="d">VT2 </subfield>
   <subfield code="d">OCLCO</subfield>
   <subfield code="d">BUF</subfield>
   <subfield code="d">STF</subfield>
   <subfield code="d">OCLCQ</subfield>
   <subfield code="d">CEF</subfield>
   <subfield code="d">U3W</subfield>
   <subfield code="d">AU@</subfield>
   <subfield code="d">OCLCO</subfield>
   <subfield code="d">WYU</subfield>
   <subfield code="d">YOU</subfield>
   <subfield code="d">CANPU</subfield>
   <subfield code="d">UKAHL</subfield>
   <subfield code="d">OCLCQ </subfield>
   <subfield code="d">W2U</subfield>
   <subfield code="d">DCT</subfield>
   <subfield code="d">ERF</subfield>
   <subfield code="d">OCLCQ</subfield>
   <subfield code="d">CSt</subfield>
  </datafield>
  <datafield tag="050" ind1=" " ind2=" ">
   <subfield code="a">HF5549.5.D37</subfield>
   <subfield code="b">E44 2007</subfield>
  </datafield>
  <datafield tag="072" ind1=" " ind2=" ">
   <subfield code="a">COM075000.</subfield>
   <subfield code="2">bisacsh</subfield>
  </datafield>
  <datafield tag="072" ind1=" " ind2=" ">
   <subfield code="a">UKN.</subfield>
   <subfield code="2">bicssc</subfield>
  </datafield>
  <datafield tag="082" ind1=" " ind2=" ">
   <subfield code="a">658.312402854678 ELE</subfield>
  </datafield>
  <datafield tag="084" ind1=" " ind2=" ">
   <subfield code="a">004</subfield>
   <subfield code="2">sdnb</subfield>
  </datafield>
  <datafield tag="084" ind1=" " ind2=" ">
   <subfield code="a">81.70</subfield>
   <subfield code="2">bcl</subfield>
  </datafield>
  <datafield tag="084" ind1=" " ind2=" ">
   <subfield code="a">DP 1960</subfield>
   <subfield code="2">rvk</subfield>
  </datafield>
  <datafield tag="084" ind1=" " ind2=" ">
   <subfield code="a">DP 2600</subfield>
   <subfield code="2">rvk</subfield>
  </datafield>
  <datafield tag="084" ind1=" " ind2=" ">
   <subfield code="a">ST 515</subfield>
   <subfield code="2">rvk</subfield>
  </datafield>
  <datafield tag="084" ind1=" " ind2=" ">
   <subfield code="a">ST 670</subfield>
   <subfield code="2">rvk</subfield>
  </datafield>
  <datafield tag="245" ind1="0" ind2="0">
   <subfield code="a">E-learning networked environments and architectures :</subfield>
   <subfield code="b">a knowledge processing perspective /</subfield>
   <subfield code="c">(ed.) Samuel Pierre.</subfield>
  </datafield>
  <datafield tag="260" ind1=" " ind2=" ">
   <subfield code="a">London :</subfield>
   <subfield code="b">Springer,</subfield>
   <subfield code="c">2007.</subfield>
  </datafield>
  <datafield tag="300" ind1=" " ind2=" ">
   <subfield code="a">1 online resource (x, 434 pages) :</subfield>
   <subfield code="b">illustrations</subfield>
  </datafield>
  <datafield tag="490" ind1=" " ind2=" ">
   <subfield code="a">Advanced information and knowledge processing,</subfield>
   <subfield code="x">1610-3947</subfield>
  </datafield>
  <datafield tag="504" ind1=" " ind2=" ">
   <subfield code="a">Περιέχει βιβλιογραφία και ευρετήριο.</subfield>
  </datafield>
  <datafield tag="505" ind1=" " ind2=" ">
   <subfield code="a">E-learning networked environments: concepts and issues -- PART I. BUILDING KNOWLEDGE SCENARIOS. -- Bridging the gap between E-learning modeling and delivery through the transformation of learnflows into workflows -- A toolkit for building geo-referenced lessons: design, implementation, and praxis -- PART II. BUILDING KNOWLEDGE ENVIRONMENTS. -- TELOS: a service-oriented framework to support learning and knowledge management -- Cognitive modeling of personalized software design styles: a case study in E-learning -- Skills superstore: online interactive study skills environment -- E-MEMORAe: a content-oriented environment for E-learning -- PART III. BUILDING KNOWLEDGE NETWORKS. -- Designing and testing an open-source learning management system for small-scale users -- Reinforcement agents for E-learning applications -- Secure communication layer for scalable networks of learning object repositories -- Quality of service and collaboration aspects in a distributed E-laboratory environment -- PART IV. RETRIEVING RESOURCES AND KNOWLEDGE. -- Quality rating and recommendation of learning objects -- Data mining in E-learning -- LORNAV: virtual reality tool for navigation of distributed learning objects repositories.</subfield>
  </datafield>
  <datafield tag="520" ind1=" " ind2=" ">
   <subfield code="a">Over the last decade researchers and practitioners have developed a wide range of knowledge related to e-learning. This book provides state-of-the-art e-learning networked environments and architectures carried out over the last few years from a knowledge management perspective. The book is organized into four parts: After an introductory chapter which attempts to characterize the e-learning environments, Part I exposes the problems of building knowledge scenarios followed by Part II which analyzes the process of building knowledge environments. Part III summarizes the principles, methods and issues related to the design of knowledge networks and finally Part IV addresses the problem of retrieving resources and knowledge from networked environments. Presenting a wide-ranging survey of methods and applications from contributors from around the world, this book will be a valuable resource for researchers, practitioners and graduates.</subfield>
  </datafield>
  <datafield tag="650" ind1=" " ind2="4">
   <subfield code="a">Distance education.</subfield>
  </datafield>
  <datafield tag="650" ind1=" " ind2="4">
   <subfield code="a">Employees</subfield>
   <subfield code="x">Training of</subfield>
   <subfield code="x">Data processing.</subfield>
  </datafield>
  <datafield tag="650" ind1=" " ind2="4">
   <subfield code="a">Internet in education.</subfield>
  </datafield>
  <datafield tag="650" ind1=" " ind2="4">
   <subfield code="a">Knowledge management.</subfield>
  </datafield>
  <datafield tag="650" ind1=" " ind2="4">
   <subfield code="a">Enseignement © distance.</subfield>
  </datafield>
  <datafield tag="650" ind1=" " ind2="4">
   <subfield code="a">Gestion des connaissances.</subfield>
  </datafield>
  <datafield tag="650" ind1=" " ind2="4">
   <subfield code="a">Internet en ©♭ducation.</subfield>
  </datafield>
  <datafield tag="650" ind1=" " ind2="4">
   <subfield code="a">Personnel</subfield>
   <subfield code="x">Formation</subfield>
   <subfield code="x">Informatique.</subfield>
  </datafield>
  <datafield tag="650" ind1=" " ind2="7">
   <subfield code="a">Distance education</subfield>
   <subfield code="2">fast</subfield>
  </datafield>
  <datafield tag="650" ind1=" " ind2="7">
   <subfield code="a">E-Learning</subfield>
   <subfield code="2">gnd</subfield>
  </datafield>
  <datafield tag="650" ind1=" " ind2="7">
   <subfield code="a">Employees</subfield>
   <subfield code="x">Training of</subfield>
   <subfield code="x">Data processing</subfield>
   <subfield code="2">fast</subfield>
  </datafield>
  <datafield tag="650" ind1=" " ind2="7">
   <subfield code="a">Informatique</subfield>
   <subfield code="2">eclas</subfield>
  </datafield>
  <datafield tag="650" ind1=" " ind2="7">
   <subfield code="a">Internet in education</subfield>
   <subfield code="2">fast</subfield>
  </datafield>
  <datafield tag="650" ind1=" " ind2="7">
   <subfield code="a">Knowledge management</subfield>
   <subfield code="2">fast</subfield>
  </datafield>
  <datafield tag="650" ind1=" " ind2="4">
   <subfield code="a">Διαδίκτυο (Internet) στην εκπαίδευση.</subfield>
  </datafield>
  <datafield tag="700" ind1=" " ind2=" ">
   <subfield code="a">Pierre, Samuel.</subfield>
  </datafield>
  <datafield tag="776" ind1=" " ind2=" ">
   <subfield code="i">Print version:</subfield>
   <subfield code="t">E-learning networked environments and architectures.</subfield>
   <subfield code="d">London : Springer, ℗♭2007</subfield>
   <subfield code="z">1846283515</subfield>
   <subfield code="z">9781846283512</subfield>
   <subfield code="w">(DLC) 2006921440</subfield>
   <subfield code="w">(OCoLC)65469986</subfield>
  </datafield>
  <datafield tag="830" ind1=" " ind2=" ">
   <subfield code="a">Advanced information and knowledge processing.</subfield>
  </datafield>
  <datafield tag="852" ind1=" " ind2=" ">
   <subfield code="a">INST</subfield>
   <subfield code="b">UNIPILB</subfield>
   <subfield code="c">MAIN</subfield>
   <subfield code="e">20210712</subfield>
   <subfield code="h">658.312402854678 ELE</subfield>
   <subfield code="p">00182929</subfield>
   <subfield code="q">00182929</subfield>
   <subfield code="t">LOAN</subfield>
   <subfield code="y">0</subfield>
   <subfield code="4">1</subfield>
  </datafield>
  <datafield tag="960" ind1=" " ind2=" ">
   <subfield code="a">GEORGE</subfield>
  </datafield>
  <datafield tag="960" ind1=" " ind2=" ">
   <subfield code="a">ΜΑΡΙΑ ΒΕΛ</subfield>
  </datafield>
 </record>
</collection>
